Представление документа в формате MARC21

Поле Инд. ПП Название Значение
Тип записи a
Библиографический уровень m
001 Контрольный номер RU/IS/BASE/475835419
005 Дата корректировки 20150513112220.2
020 a ISBN 978-5-4468-0357-6
040 a Служба первич. каталог. НБ ТвГУ
b Код языка каталог. rus
e Правила каталог. PSBO
041 0_ a Код языка текста rus
080 a Индекс УДК 004.41(075.8)
084 a Индекс другой классификации/Индекс ББК З973.2-018я73-1
090 a Полочн. индекс З973.2
x Авторский знак П 78
245 10 a Заглавие Программная инженерия
b Продолж. заглавия учебник : для студентов вузов, обучающихся по направлению подготовки 231000 "Программная инженерия"
c Ответственность под ред. д.т.н., проф. Б. Г. Трусова
260 a Место издания Москва
b Издательство Академия
c Дата издания 2014
300 a Объем 281, [1] с.
b Иллюстрации/ тип воспроизводства ил., табл.
440 _0 a Серия Высшее образование
440 _0 a Серия Бакалавриат
440 _0 a Серия Информатика и вычислительная техника
504 a Библиография Библиогр.: с. 273-280
520 a Аннотация Учебник создан в соответствии с Федеральным государственным образовательным стандартом по направлению подготовки 230700 "Прикладная информатика" (квалификация "бакалавр"). Описаны этапы и виды работ, связанные с созданием программного продукта и его дальнейшим сопровождением: сбор и управление требованиями, управление проектом (финансами, процессами, ресурсами), проектирование, конструирование, тестирование, поддержка и эксплуатация. Рассмотрены различные модели жизненного цикла программного продукта. Раскрыто понятие качества программ. Дана характеристика инструментов, поддерживающих те или иные виды работ в рамках всего жизненного цикла программного продукта. Особое внимание уделено стандартам, которым должны отвечать как рассматриваемые работы, так и их результаты. Для студентов учреждений высшего образования.
653 a Ключевые слова Вычислительная техника
a Ключевые слова Инженерия программного обеспечения
a Ключевые слова Компьютеры
a Ключевые слова Программирование
a Ключевые слова Программная инженерия
a Ключевые слова Программное обеспечение
a Ключевые слова Радиоэлектроника
a Ключевые слова Разработка программного обеспечения
a Ключевые слова Учебники
a Ключевые слова Учебники для вузов
700 1_ a Другие авторы Антипов Владимир Анатольевич
q Полное имя Антипов В. А.
700 1_ a Другие авторы Бубнов Алексей Алексеевич
700 1_ a Другие авторы Пылькин Александр Николаевич
700 1_ a Другие авторы Столчнев Вячеслав Константинович
700 1_ a Другие авторы Трусов Борис Георгиевич
901 t Тип документа m
910 a гриф есть**
920 a Оператор Поля
a Оператор Конд
a Оператор Густ
a Оператор Стро
930 a Новая/Ретро новая
952 c Вид литературы К ру
954 a Дата поступления на обработку 20141216
c Дата окончания ОНО 20150129
b Дата поступления в ОК 20141121